<?xml version="1.0" encoding="UTF-8"?>
<record
    xmlns:xsi="http://www.w3.org/2001/XMLSchema-instance"
    xsi:schemaLocation="http://www.loc.gov/MARC21/slim http://www.loc.gov/standards/marcxml/schema/MARC21slim.xsd"
    xmlns="http://www.loc.gov/MARC21/slim">

  <leader>01244nam a22002177a 4500</leader>
  <controlfield tag="003">OSt</controlfield>
  <controlfield tag="005">20211207113058.0</controlfield>
  <controlfield tag="008">120530t        xxu||||| |||| 00| 0 eng d</controlfield>
  <datafield tag="024" ind1=" " ind2=" ">
    <subfield code="a">1453901091314</subfield>
  </datafield>
  <datafield tag="040" ind1=" " ind2=" ">
    <subfield code="c">LC</subfield>
  </datafield>
  <datafield tag="050" ind1=" " ind2=" ">
    <subfield code="a">HF5686.A17</subfield>
  </datafield>
  <datafield tag="245" ind1=" " ind2=" ">
    <subfield code="a">Accounting and business analysis. /</subfield>
  </datafield>
  <datafield tag="246" ind1=" " ind2=" ">
    <subfield code="a">BUS 2257 - Second Term 2012/13</subfield>
  </datafield>
  <datafield tag="260" ind1=" " ind2=" ">
    <subfield code="a">London, Ontario:</subfield>
    <subfield code="b">Ivey Business School, </subfield>
    <subfield code="c">2013.</subfield>
  </datafield>
  <datafield tag="300" ind1=" " ind2=" ">
    <subfield code="a">[various pagings].:</subfield>
    <subfield code="b">ill.;</subfield>
  </datafield>
  <datafield tag="490" ind1=" " ind2=" ">
    <subfield code="3">Business case studies</subfield>
  </datafield>
  <datafield tag="505" ind1=" " ind2=" ">
    <subfield code="a">Contents: The grow green program -- Centre spot -- Cash budgeting/cash management -- Parsons' garden centre -- Rosa's palas franchise -- LG electronics Canada, Inc. --  the watch phone -- Shirley equipment corporation -- Statement of cash flows -- Knight importers -- Lowe's companies, Inc. -- Financial ratio analysis -- Healthy life group -- Financial planning -- projected financial statements -- Introduction to managerial accounting -- Stix furniture -- The differential cash flow model -- Cool moose creamery Eastern talon transport -- Adamac Inc. -- Horseshoe resort -- Adept chemical Inc. -- Terracycle Inc. -- CAA auto repair faculty -- </subfield>
  </datafield>
  <datafield tag="653" ind1=" " ind2=" ">
    <subfield code="a"> Social structure. </subfield>
    <subfield code="a">Accounting</subfield>
  </datafield>
  <datafield tag="710" ind1=" " ind2=" ">
    <subfield code="b">Ivey Business School</subfield>
  </datafield>
  <datafield tag="942" ind1=" " ind2=" ">
    <subfield code="2">lcc</subfield>
    <subfield code="c">BK</subfield>
  </datafield>
  <datafield tag="999" ind1=" " ind2=" ">
    <subfield code="c">8200</subfield>
    <subfield code="d">15700</subfield>
  </datafield>
  <datafield tag="952" ind1=" " ind2=" ">
    <subfield code="0">0</subfield>
    <subfield code="1">0</subfield>
    <subfield code="2">lcc</subfield>
    <subfield code="4">0</subfield>
    <subfield code="7">0</subfield>
    <subfield code="a">WIUC-KL</subfield>
    <subfield code="b">WIUC-KL</subfield>
    <subfield code="c">GEN</subfield>
    <subfield code="d">2019-11-11</subfield>
    <subfield code="h">ACC/Ric</subfield>
    <subfield code="o">HF5686.A17</subfield>
    <subfield code="p">K/1891/1891/19</subfield>
    <subfield code="r">2021-12-06 00:00:00</subfield>
    <subfield code="w">2021-12-06</subfield>
    <subfield code="y">BK</subfield>
    <subfield code="z">Part of the Ivey Collection. Shelved alphabetically by title </subfield>
  </datafield>
</record>
